Statistics for Top 10 Papua New Guinea cities by population

Click here to take the quiz!

General Stats

  • This quiz has been taken 17 times
  • The average score is 3 of 10

Answer Stats

Population Answer % Correct
254,158Port Moresby
100%
100,677Lae
53%
27,420Madang
27%
36,443Arawa
20%
27,782Mount Hagen
20%
25,143Wewak
20%
25,000Goroka
20%
19,556Popondetta
13%
18,000Aitape
7%
20,262Pokopo
0%

Score Distribution

Percentile by Number Answered

Percent of People with Each Score

Your Score History

You have not taken this quiz